| 000 | 00656nam a2200229 i 4500 | ||
|---|---|---|---|
| 001 | 16448 | ||
| 003 | ES-MaACL | ||
| 005 | 20240608062959.0 | ||
| 007 | t| | ||
| 008 | 000921s1993 sp ||||1| spa d | ||
| 020 | _a84-604-5673-0 | ||
| 080 | _a821.134.2-14"19" | ||
| 100 | 0 |
_aMolina Caballero, José María, _d1961- _981916 |
|
| 245 | 1 | 3 |
_aUn naufragio cualquiera / _cJosé María Molina Caballero. |
| 250 | _a1ª ed. | ||
| 260 |
_aRute : _bÁnfora, _c1993. |
||
| 300 |
_a43 p. : _b1 retr. ; _c20 cm. |
||
| 490 | 1 |
_aÁnfora nova ; _v51 |
|
| 830 | 1 |
_aÁnfora Nova _v51 _9179301 |
|
| 852 | 4 |
_aES-MaACL _jG-2211 |
|
| 999 |
_c16448 _d16448 |
||